South Eastern Kenya University

Library Online Public Access Catalogue


Algebra and trigonometry with analytic geometry / (Record no. 6707)

MARC details
000 -LEADER
fixed length control field 00417pam a2200145 a 4500
020 ## - ISBN
International Standard Book Number 0534917127
050 00 - LIBRARY OF CONGRESS CALL NUMBER
Classification Number QA152.2
Item Number .S96 1989
100 1# - MAIN ENTRY--Author
Personal name Swokowski, Earl William,
Dates associated with a name 1926-
245 10 - TITLE
Title Algebra and trigonometry with analytic geometry /
Statement of responsibility, etc Earl W. Swokowski.
250 ## - EDITIONSTATEMENT
Edition statement 7th ed.
260 ## - PUBLICATION, DISTRIBUTION, ETC.(IMPRINT)
Place of publication, distribution, etc Boston :
Name of publisher, distributor, etc PWS-Kent Pub. Co.,
Date of publication, distribution, etc c1989.
300 ## - PHYSICAL DESCRIPTION
Extent xii, 651, 77 p. :
500 ## - GENERALNOTE
General note Includes index.
942 ## - ADDED ENTRY ELEMENTS(KOHA)
Source of classification or shelving scheme Library of Congress Classification
Koha item type General circulation
Holdings
Source of classification or shelving scheme Not for loan Location (home branch) Sublocation (holding branch) Date accessioned Source of acquisition Full call number Barcode Koha item type
Library of Congress Classification   Main Campus Library Main Campus Library 22/07/2015 Donation-from books for Africa QA 152.2 .S96 1989 2015/003679 General circulation
Library of Congress Classification   Wote Campus Library Wote Campus Library 29/04/2016 donation- books for Africa QA 152.2 .S96 2004 2016/011628 General circulation
Kitui, Kenya.
+254736116989
library@seku.ac.ke